Focus M25 North-East (Record no. 81970)

MARC details
000 -LEADER
fixed length control field 01132cab a220020557 4500
001 - CONTROL NUMBER
control field L148836
008 - FIXED-LENGTH DATA ELEMENTS--GENERAL INFORMATION
fixed length control field 091112e20091017xxk g 000 0 eng d
035 ## - SYSTEM CONTROL NUMBER
System control number (Sirsi) u148836
041 0# - LANGUAGE CODE
Language code of text/sound track or separate title eng
100 1# - MAIN ENTRY--PERSONAL NAME
Personal name Jack, Simon
245 00 - TITLE STATEMENT
Title Focus M25 North-East
260 ## - PUBLICATION, DISTRIBUTION, ETC.
Date of publication, distribution, etc. 2009
490 ## - SERIES STATEMENT
Series statement Estates Gazette
Volume/sequential designation 17 October 2009, (0941) 76-83(7)
520 ## - SUMMARY, ETC.
Summary, etc. M25 north-east quadrant office statistics 2009 sourced by Knight Frank highlight rents in £ per sq ft, vacancy rates, development(sq ft) prime yield (%) for Welwyn Garden City, Harlow, Enfield, Ilford, Romford and Brentwood. Industrial market along the M25 north east sector are showing signs of an upturn with agents reporting an improvement in the market. Compares retail rents between Welwyn Garden City, Harlow, Brentwood, Romford, Ilford and Enfield. Discusses plans by developer Stockland for a retail regeneration scheme backed by Harlow council and comments on the retail market in Romford and Ilford.
590 ## - LOCAL NOTE (RLIN)
Local note KA
651 #4 - SUBJECT ADDED ENTRY--GEOGRAPHIC NAME
Geographic name England
Chronological subdivision 886-
690 ## - LOCAL SUBJECT ADDED ENTRY--TOPICAL TERM (OCLC, RLIN)
Topical term or geographic name as entry element PROPERTY-COMMERCIAL PROPERTY-COMMERCIAL PROPERTY MARKET
700 1# - ADDED ENTRY--PERSONAL NAME
Personal name Cavanagh, Elaine
942 ## - ADDED ENTRY ELEMENTS (KOHA)
Suppress in OPAC 0
Holdings
Withdrawn status Lost status Source of classification or shelving scheme Damaged status Not for loan Home library Current library Shelving location Date acquired Total Checkouts Full call number Barcode Date last seen Copy number Price effective from Koha item type
    Dewey Decimal Classification     London London Journal article 12/11/2009   L148836 148836-1001 06/08/2019 1 06/08/2019 Journal article